Statistics for Mystery Capital City #1

Click here to take the quiz!

General Stats

  • This quiz has been taken 115 times
  • The average score is 12 of 15

Answer Stats

QuestionClues% Correct
Saigon2. What was the former name of Ho Chi Minh city?
99%
1.The nickname of Paris is 'The City of ___'?The Mystery Capital is also the largest city of its country
96%
Corse3. What French region's capital city is Ajaccio?
89%
The Mystery Capital has hosted the Olympics twice
81%
Oxford4. What is the oldest university in England?
79%
Berlin5. In what city is the Brandenburg Gate located?
79%
Manchester6. Near what major city would you find Old Trafford stadium?
79%
A city in Georgia, United States, is named after the Mystery Capital
79%
Bangkok7. What national capital is also known as Krung Thep?
78%
The Mystery Capital is twinned (Sister City) with Los Angeles
77%
Answer to Q1 is LightAthens
76%
The Mystery Capital is the southernmost capital on the European mainland
72%
The Mystery Capital is home of Plato's Academy and Aristotle's Lyceum
66%
The Mystery Capital is located within 10 miles of a sea/ocean
65%
The Mystery Capital is:
60%

Score Distribution

Percentile by Number Answered

Percent of People with Each Score

Your Score History

You have not taken this quiz